| 000 | 00710nam a22002177a 4500 | ||
|---|---|---|---|
| 005 | 2010080608298.0 | ||
| 010 | _aENG-98766 | ||
| 020 | _c64.00 | ||
| 035 | _aEN-82298 | ||
| 037 | _bDBAD/PUB | ||
| 082 | _a535.58 | ||
| 100 |
_aAkila,K. _99016 |
||
| 245 |
_aLaser physics/ _cby K.Akila |
||
| 260 |
_aChennai _bToday Publications _c2008 |
||
| 270 |
_a192,S.R.Complex,Bells Road Chepauk _bChennai _e600005 |
||
| 300 |
_a106p. _c18cm (pbk) |
||
| 650 |
_aLasers _99017 |
||
| 650 |
_aQuantum Physics _99018 |
||
| 942 |
_2ddc _cEN _h535.58 _mAKI |
||
| 999 |
_c39924 _d39924 |
||